'Y' Blitz Quiz Stats

Quiz Updated May 1, 2017

Also try: 'Z' Blitz
Challenge
Share
Tweet
Embed
Score 0/40 Timer 04:00
10 Plays Today
Category Answer % Correct
Personal PronounYour
99.6%
CurrencyYen
96.4%
Rainbow ColorYellow
95.9%
Ivy League SchoolYale
95.1%
Asian River over 2000 milesYangtze
93.9%
Egg PartYolk
92.8%
Top 10 Internet Site**Yahoo
91.5%
Measurement (distance)Yard
90.9%
English affirmative wordYes
89.9%
US National ParkYosemite
86.6%
Beer IngredientYeast
84.7%
Asian CountryYemen
82.1%
Measurement (time)Year
79.9%
Bovine AnimalYak
74.8%
MLB Team NameYankees
73.5%
Former European CountryYugoslavia
72.9%
Type of Boat or ShipYacht
72.2%
Star Wars CharacterYoda
65.6%
Canadian TerritoryYukon
63%
Beatles #1Yesterday
61.6%
Category Answer % Correct
Hanna Barbera CharacterYogi Bear
59.5%
Russian PresidentYeltsin
56.2%
TreeYew
56.1%
Mario Kart CharacterYoshi
54.4%
Jewish Holy DayYom Kippur
52.7%
Rock and Roll Hall of Fame InducteesThe Yardbirds
47.8%
James Bond MovieYou Only Live Twice
45.5%
Barbra Streisand MovieYentl
42.9%
World Language*Yiddish
41.5%
AKC Dog BreedYorkshire Terrier
34.7%
ElementYtterbium
33.8%
Mexican StateYucatan
30.7%
Nobel Prize Winning PoetYeats
29.4%
American Revolution BattleYorktown
29.4%
Collectible Card GameYu-Gi-Oh
27.3%
Mel Brooks MovieYoung Frankenstein
24%
Film nominated for Best Picture OscarYou Can't Take It With You
16.8%
WWI BattleYpres
16.8%
Capital CityYaoundé
14.7%
Territory in RiskYakutsk
12.9%

You're not logged in!

Compare scores with friends on all Sporcle quizzes.
Sign Up with Email
OR
Log In

You Might Also Like...

Show Comments

Extras

Top Quizzes Today


Score Distribution

Your Account Isn't Verified!

In order to create a playlist on Sporcle, you need to verify the email address you used during registration. Go to your Sporcle Settings to finish the process.